000 00722cam a22002293a 4500
001 29122
003 PGUSA
005 20140828083630.0
008 090615s2009||||xxu|||||s|||||000 | eng d
040 _aPGUSA
_beng
042 _adc
050 4 _aQH
100 1 _aHall, E. Raymond
_q(Eugene Raymond),
_d1902-1986
245 1 0 _aMammals Obtained by Dr. Curt von Wedel from the Barrier Beach of Tamaulipas, Mexico
_h[electronic resource] /
_cE. Raymond Hall
260 _bProject Gutenberg,
_c2009
506 _aPublic domain in the USA.
516 _aElectronic text
653 _aMammals -- Mexico -- Tamaulipas
830 0 _aProject Gutenberg
_v29122
856 4 0 _uhttp://www.gutenberg.org/ebooks/29122
942 _cEB
999 _c258377
_d258377